| 000 | 00461nam a22001697a 4500 | ||
|---|---|---|---|
| 003 | OSt | ||
| 005 | 20260430034802.0 | ||
| 008 | 260430b |||||||| |||| 00| 0 eng d | ||
| 020 | _a9780743292207 | ||
| 040 |
_aDWCL Main Lib. _cOC |
||
| 082 | _aF P599t 2006 | ||
| 100 | _aPicoult, Jodi | ||
| 245 |
_aThe tenth circle / _cJodi Picoult |
||
| 260 |
_aNew York : _bAtria Books, _cc2006. |
||
| 300 |
_a385 pages : _billustrations ; _c22cm. |
||
| 942 |
_2ddc _cFIC. _n0 |
||
| 999 |
_c10099 _d10099 |
||